Statistics for FIFA AFC Members by Badge

Click here to take the quiz!

General Stats

  • This quiz has been taken 124 times
  • The average score is 33 of 47

Answer Stats

Answer% Correct
Qatar
98%
Lebanon
96%
Iran
90%
North Korea
90%
Sri Lanka
90%
China
89%
Vietnam
89%
Saudi Arabia
88%
Syria
88%
Australia
87%
Iraq
87%
Japan
87%
Laos
87%
Palestine
84%
Hong Kong
83%
India
82%
Nepal
81%
South Korea
80%
Jordan
77%
Yemen
77%
Kuwait
76%
Macau
74%
United Arab Emirates
74%
Cambodia
71%
Tajikistan
70%
Thailand
69%
Guam
66%
Indonesia
64%
Kyrgyzstan
63%
Malaysia
63%
Oman
62%
Bahrain
61%
Philippines
60%
Turkmenistan
60%
Mongolia
57%
Myanmar
54%
Singapore
53%
Afghanistan
52%
East Timor
52%
Pakistan
52%
Bhutan
50%
Brunei
48%
Northen Mariana Islands
47%
Chinese Taipei
44%
Uzbekistan
43%
Maldives
42%
Bangladesh
41%

Score Distribution

Percentile by Number Answered

Percent of People with Each Score

Your Score History

You have not taken this quiz